MEDICINAL NATURAL PRODUCTS (Record no. 9630)

MARC details
000 -LEADER
fixed length control field 00342nam a22001577a 4500
003 - CONTROL NUMBER IDENTIFIER
control field SGT
020 ## - INTERNATIONAL STANDARD BOOK NUMBER
International Standard Book Number 978-81-265-3296-4
082 ## - DEWEY DECIMAL CLASSIFICATION NUMBER
Classification number 615.321
Item number M12D
100 ## - MAIN ENTRY--PERSONAL NAME
Personal name DEWIEK, PAUL M
245 ## - TITLE STATEMENT
Title MEDICINAL NATURAL PRODUCTS
250 ## - EDITION STATEMENT
Edition statement 3RD
260 ## - PUBLICATION, DISTRIBUTION, ETC. (IMPRINT)
Place of publication, distribution, etc NEW DELHI
Name of publisher, distributor, etc WILLEY INDIA
Year of Publication 2012
300 ## - PAGE DESCRIPTION
No. of Pages 539
650 ## - SUBJECT ADDED ENTRY--TOPICAL TERM
Topical term or geographic name as entry element PHARMACY
942 ## - ADDED ENTRY ELEMENTS (KOHA)
Source of classification or shelving scheme Dewey Decimal Classification
Koha item type Books
Holdings
Withdrawn status Lost status Source of classification or shelving scheme Damaged status Not for loan Collection code Home library Current library Shelving location Date acquired Vendor Name Cost, normal purchase price SGTU Bill Number Total Checkouts Full call number Accession No. (Barcode) Date last seen Bill Date Koha item type
    Dewey Decimal Classification     PHARMACY SGT FA-FP Library SGT FA-FP Library Reference Book 25/07/2016 UNIVERSAL BOOK 1295.00 SGTU 156   615.321 M12D FP1970 25/07/2016 15/07/2016 Books